000
00294nam a2200121Ia 4500
008
191201s2005 xx 000 0 und d
100
_a
ATS software excellence
245
0
_a
ASP. Net 2.0 with C#
260
_a
N. Delhi
_b
ATS
_c
2005
300
_a
165+32
650
_a
B.Tech(CSE)
942
_2
ddc
_c
BK
999
_c
5581
_d
5581